| 000 | 00577nam a2200193Ia 4500 | ||
|---|---|---|---|
| 003 | GCL | ||
| 008 | 140319s9999 xx 000 0 ara d | ||
| 040 |
_aGCL / _cGCL |
||
| 082 | 0 | 4 |
_a953.03 _bح ا |
| 100 | 1 | _aحسين عبدالحميد احمد رشوان | |
| 245 | 1 | 0 |
_aالامويون و الخلافة / _cحسين عبدالحميد احمد رشوان |
| 700 | 1 | _aحسين عطوان | |
| 300 | _a240 ص | ||
| 490 |
_aكتاب _v0 |
||
| 650 | 0 | 4 | _aالعالم العربى |
| 650 | 0 | 4 | _aتاريخ |
| 650 | 0 | 4 | _aالتاريخ الاسلامى |
| 942 |
_2ddc _cBK |
||
| 999 |
_c41593 _d41593 |
||